000
00295nam a2200145Ia 4500
100
_a
Kuo/F.F
250
_a
2
942
_c
BK
654
_a
Network
245
_a
Network analysis and synthesis
260
_b
John wiley
_c
2001
082
_a
621.3851
_b
KUO
300
_a
515
546
_a
ENGLISH
999
_c
25548
_d
25548